Statistiques concernant Mario Kart Circuit (FR)

Cliquez ici pour prendre le quiz!

Statistiques générales

  • Ce quiz a été pris 36 fois
  • Le résultat moyen est 43 sur 144

Statistiques - réponses

ConsoleCircuit% Correct
3DS | DS | GBA | +4 othersCircuit Mario
78%
3DS | DS | GBA | +5 othersRoute Arc-en-ciel
66%
3DS | DS | GBA | +5 othersChâteau de Bowser
63%
GBA | WIICircuit Luigi
56%
GCN
Circuit Luigi
56%
WIISupermarché Coco
53%
WIIMine Wario
50%
GCNCircuit Yoshi
47%
WIIPrairie Meuh Meuh
47%
GCNMontagne DK
44%
DSFlipper Waluigi
41%
GCNParc Baby
41%
WIIBois Vermeil
38%
GCNDésert Sec Sec
38%
WIIVolcan Grondant
38%
N64Autoroute Toad
34%
WIIUBig Blue
34%
WIICircuit Daisy
34%
3DSCircuit Toad
34%
N64
Stade Wario
34%
WIIPic DK
34%
DSStade Wario
34%
DSJardin Peach
31%
SNESPlaine Donut
31%
DSQuartier Delfino
31%
GCNStade Waluigi
31%
WIICap Koopa
28%
N64Désert Kalimari
28%
DSHorloge Tic-Tac
28%
N64Jungle DK
28%
N64Montagne Choco
28%
GCNPaquebot Daisy
28%
DSPlage Cheep-Cheep
28%
WIIUsine Toad
28%
WIIUAnimal Crossing
25%
DSCascade Yoshi
25%
WIIUChampidrome
25%
GBACircuit Peach
25%
DSCorniche Champignon
25%
WIIUDésert Toussec
25%
TOURDojo Ninja
25%
3DSÉgoût Piranha
25%
3DSKoopapolis
25%
WIIULagon Tourbillon
25%
WIIUPassage Feuillage
25%
N64 | SNESPlage Koopa
25%
GCNPlage Peach
25%
TOURPromenade à Paris
25%
WIIRoute Clair de Lune
25%
WIIUAéroport Azur
22%
N64Autodrome Royal
22%
WIIUCascade Maskass
22%
WIIUCircuit d'Hyrule
22%
DSCircuit en 8
22%
WIIUDescente Givrée
22%
GBAJardin Volant
22%
GCNJungle Dino Dino
22%
WIIUMétro Turbo
22%
WIIUMute City
22%
GBAPays Fromage
22%
WIIUPiste aux délices
22%
WIIUPromenade Toad
22%
GBARoute Ruban
22%
GCN | N64Royaume Sorbet
22%
DSAlpes DK
19%
GCNArène Wario
19%
N64Autodrome Mario
19%
WIIUClub Mario
19%
TOUREscapade New-Yorkaise
19%
SNESÎle Choco
19%
SNESLac Vanille
19%
DSManoir de Luigi
19%
WIIUManoir Trempé
19%
WIIUParc Glougloop
19%
3DSPiste Musicale
19%
GBAPlage Maskass
19%
GCNPont Champignon
19%
WIIUStation Glagla
19%
WIIUTemple Thwomp
19%
TOURTraversée de Tokyo
19%
SNESVallée Fantôme
19%
N64Vallée Yoshi
19%
WIIUVoie Céleste
19%
TOURBousculade à Bangkok
16%
GCNChampiville
16%
TOURCité Sorbet
16%
N64Ferme Meuh Meuh
16%
GBALac Boo
16%
3DSMont Éboulis
16%
TOURMont Festif
16%
GBAPays Neigeux
16%
WIIURoute du Dragon
16%
WIIRuines Sec Sec
16%
3DSSouk Maskass
16%
TOURSprint à Sydney
16%
WIIUArène d'Excitebike
13%
DSBateau Volant
13%
TOURDétour à Londres
13%
N64
Autodrome Luigi
13%
3DSForêt Tropicale DK
13%
3DSLagon Cheep-Cheep
13%
3DSMonde Glacé d’Harmonie
13%
3DSPic Wuhu
13%
TOURPoursuite à Singapour
13%
TOURRoad Trip à Los-Angeles
13%
N64Route Glagla
13%
3DSVallée Daisy
13%
TOURVirée à Amsterdam
13%
TOURBalade Berlinoise
9%
DSDésert du Soleil
9%
GBADésert Yoshi
9%
3DSGalion de Wario
9%
3DSLittoral Wuhu
9%
GBAPays Crépuscule
9%
TOURVirage à Vancouver
9%
GBABord du Lac
6%
GBAÎle Cheep-Cheep
6%
GBAJetée Cassée
6%
N64Ponton Lugubre
6%
GBABord du Fleuve
3%
WIIGorge Champigon
0%

Distribution des résultats

Percentile par nombre de réponses

% des personnes avec chaque résultat

Votre développement - résultats

Vous n’avez pas pris ce quiz